000051625 001__ 51625
000051625 005__ 20230317221141.0
000051625 0247_ $$2doi$$a10.1088/0954-3899/21/12/001
000051625 0247_ $$2ISSN$$a0954-3899
000051625 0247_ $$2ISSN$$a0305-4616
000051625 0247_ $$2ISSN$$a1361-6471
000051625 0247_ $$2WOS$$aWOS:A1995TM10700001
000051625 037__ $$aGSI-2013-03148
000051625 041__ $$aEnglish
000051625 082__ $$a530
000051625 1001_ $$0P:(DE-HGF)0$$aGupta, R K$$b0$$eCorresponding author
000051625 245__ $$aCold synthesis of Z=110 and 112 elements
000051625 260__ $$aBristol$$bIOP Publ.$$c1995
000051625 3367_ $$0PUB:(DE-HGF)16$$2PUB:(DE-HGF)$$aJournal Article$$bjournal$$mjournal$$s1368521134_4505
000051625 3367_ $$2DRIVER$$aarticle
000051625 3367_ $$2BibTeX$$aARTICLE
000051625 3367_ $$00$$2EndNote$$aJournal Article
000051625 536__ $$0G:(DE-HGF)POF2-899$$a899 - ohne Topic (POF2-899)$$cPOF2-899$$fPOF I$$x0
000051625 588__ $$aDataset connected to CrossRef, repository.gsi.de
000051625 773__ $$0PERI:(DE-600)1472964-7$$a10.1088/0954-3899/21/12/001$$gVol. 21, no. 12, p. L89 - L94$$n12$$pL89 - L94$$tJournal of physics / G$$v21$$x1361-6471$$y1995
000051625 909CO $$ooai:repository.gsi.de:51625$$pVDB
000051625 9101_ $$0I:(DE-Ds200)20121206GSI$$6P:(DE-HGF)0$$aGSI Helmholtzzentrum für Schwerionenforschung GmbH$$b0$$kGSI
000051625 9131_ $$0G:(DE-HGF)POF2-899$$1G:(DE-HGF)POF2-890$$2G:(DE-HGF)POF2-800$$3G:(DE-HGF)POF2$$4G:(DE-HGF)POF$$aDE-HGF$$bProgrammungebundene Forschung$$lohne Programm$$vohne Topic$$x0
000051625 915__ $$0StatID:(DE-HGF)0010$$2StatID$$aJCR/ISI refereed
000051625 915__ $$0StatID:(DE-HGF)0100$$2StatID$$aJCR
000051625 915__ $$0StatID:(DE-HGF)0110$$2StatID$$aWoS$$bScience Citation Index
000051625 915__ $$0StatID:(DE-HGF)0111$$2StatID$$aWoS$$bScience Citation Index Expanded
000051625 915__ $$0StatID:(DE-HGF)0150$$2StatID$$aDBCoverage$$bWeb of Science Core Collection
000051625 915__ $$0StatID:(DE-HGF)0199$$2StatID$$aDBCoverage$$bThomson Reuters Master Journal List
000051625 915__ $$0StatID:(DE-HGF)0200$$2StatID$$aDBCoverage$$bSCOPUS
000051625 915__ $$0StatID:(DE-HGF)0300$$2StatID$$aDBCoverage$$bMedline
000051625 915__ $$0StatID:(DE-HGF)0420$$2StatID$$aNationallizenz
000051625 915__ $$0StatID:(DE-HGF)1020$$2StatID$$aDBCoverage$$bCurrent Contents - Social and Behavioral Sciences
000051625 920__ $$lyes
000051625 9201_ $$0I:(DE-Ds200)SHP-20080822OR107$$kSHP$$lSHE Physik$$x0
000051625 980__ $$ajournal
000051625 980__ $$aVDB
000051625 980__ $$aI:(DE-Ds200)20110830OR107
000051625 980__ $$aI:(DE-Ds200)SHP-20080822OR107
000051625 980__ $$aUNRESTRICTED